000 00761nam a22002890a 4500
001 PT43412
003 AR-LpoUNG
005 20210131230957.0
008 191001s2010||||ag |||||||||||||||||spa d
020 _a9789501127058
_c$14.50
040 _aAR-LpoUNG
_bspa
_cAR-LpoUNG
_eaacr
041 _aspa
044 _aag
082 0 _a808.068 3 638tre
100 1 _aBlanco, Adriana
245 1 4 _aLos tres chanchitos
250 _a1ra. ed.
260 _aBuenos Aires :
_bSigmar,
_c2010.
300 _a[12] p. :
_bil., son.
505 0 _aSugerido a partir de 6 aƱos (etiqueta AMARILLA)
650 4 _aCUENTOS
650 4 _aLITERATURA
651 4 _aDOCUMENTOS TEORICOS O METODOLOGICOS
653 _aLITERATURA INFANTIL
905 _a43412
942 _cLIB
999 _c7259
_d7259